| 000 | 00769cab a2200217 4500 | ||
|---|---|---|---|
| 001 | ABS43850 | ||
| 008 | 090401t1990 xxu||||| |||| 00| 0 eng d | ||
| 035 | _a(Sirsi) u43800 | ||
| 041 | _aeng | ||
| 100 | _aFordham, R. | ||
| 245 | _aPaying for permission? Planning gain | ||
| 260 | _c1990 | ||
| 350 | _a0 | ||
| 490 |
_aArchitects` Journal _v192(24) 12 December 1990, 51-52(2) |
||
| 520 | _aUrges developers and local authorities to sharpen up their approach to planning gain , showing how both sides benefit from a scheme being properly costed at an early stage. Quotes details of enabling cases referring to listed buildings . | ||
| 650 | _aBROADLANDS | ||
| 650 | _aCROOME COURT | ||
| 690 | _aPLANNING LAW AND PRACTICE | ||
| 942 | _n0 | ||
| 948 | _c04/03/1997 | ||
| 999 |
_c27917 _d27917 |
||